| 000 | 00400nam a2200157 a 4500 | ||
|---|---|---|---|
| 001 | 3280 | ||
| 003 | CDMR | ||
| 005 | 20130805115357.0 | ||
| 008 | 130130s2010||||||||||||||||||||||||||||d | ||
| 020 | _a9788498091670 | ||
| 040 |
_aCDMR _bcat _cCPC LLEIDA |
||
| 100 | 1 |
_aSenpau, Pilar _92376 |
|
| 245 | 1 | 0 |
_aQuan la vida puja a la bàscula _cSENPAU, Pilar |
| 260 |
_aBarcelona _c2010 _bRaval |
||
| 942 |
_cMON _2udc |
||
| 999 |
_c3280 _d3280 |
||